00944nam a2200241 a 450000100100000000500170001000800410002702000150006804000250008308200200010810000320012824500370016026000370019730000210023450000630025559000260031865000270034465000310037191000420040295201180044495201230056299900170068500001285620240530073915.0091118s2001 dr r 000 f spa d a9993433292 aDO-SdBNPbspacBNPHU aRD863.44bP349r1 aPeña, Ruth,d1955-92973610aRufina del Valle /cRuth Peña. aSanto Domingo :bCuguapa,c2001. a187 p. ;c21 cm. aIncluye datos biográficos del autor en la contracubierta aInventariado, 2020/BT 0aNovela dominicana9223 0aLiteratura dominicana.967 aValidado. Control de calidad. MMOLINA 0010718PDaPDbPDcHDd2009-11-18iLF1l0oRD863.44 P349rp12856-10r2020-06-25w2020-06-25yLFPDZNo se presta 0010718PDaPDbPDcHDd2009-11-18iLF1l0oRD863.44 P349rp12856-20r2020-06-25te.2w2020-06-25yLFPDZNo se presta c12504d12504